[Event "Madrid Magistral 7th"]
[Site "Madrid"]
[Date "1998.05.14"]
[Round "4"]
[White "Granda Zuniga, Julio E"]
[Black "Illescas Cordoba, Miguel"]
[Result "1/2-1/2"]
[WhiteElo "2630"]
[BlackElo "2600"]
[Annotator "Ribli,Z"]
[PlyCount "87"]
[EventDate "1998.05.11"]
[EventType "tourn"]
[EventRounds "9"]
[EventCountry "ESP"]
[EventCategory "17"]
[SourceTitle "CBM 065"]
[Source "ChessBase"]
[SourceDate "1998.08.06"]
[SourceVersion "1"]
[SourceVersionDate "1998.08.06"]
[SourceQuality "1"]

1. Nf3 Nf6 2. c4 c5 3. g3 d5 4. cxd5 Nxd5 5. Bg2 Nc6 6. Nc3 (6. d4 cxd4 (6...
Bf5) (6... Nb6) 7. Nxd4 Ndb4 8. Nxc6 Qxd1+ 9. Kxd1 Nxc6 10. Bxc6+ bxc6 11. Be3
e5 $11 {Der strukturelle Vorteil liegt angesichts des schwachen Bauern c6 bei
Weiß, aber das schwarze Läuferpaar gleicht die Chancen aus. Ribli.}) 6... Nc7 {
Der sogenannte Rubinstein-Aufbau der Englischen Eröffnung. Schwarz spielt
eigentlich eine Maroczy-Variante der Sizilianische Verteidigung. Er möchte
eine starke Zentrumstellung mit ...e7-e5 errichten.} 7. d3 e5 8. O-O Be7 9. Nd2
{Die weiße Drohung ist 10.Bxc6 bxc6 und die schwarzen Doppelbauern sind
schwach.} Bd7 10. Nc4 f6 {Die Gambitfortsetzung mit 10...0-0 11.Bxc6 Bxc6 12.
Nxe5 Be8 wird heutzutage selten gespielt. Schwarz hätte in diesem Fall etwas
Kompensation, aber ich bin nicht ganz sicher, ob sie ausreichend ist.} 11. f4
b5 12. Ne3 Rc8 (12... Rb8 $6 13. Nf5 Bxf5 14. Bxc6+ Bd7 15. Bxd7+ Qxd7 16. fxe5
fxe5 $14 {[%csl Re8]} (16... Qd4+ 17. Kg2 Qxe5 $2 18. Bf4 {[%csl Gf4]} Qe6 19.
Bxc7 Qc6+ {[%cal Rc6g2,Rc6c7]} 20. Nd5 $1 Qxd5+ 21. e4 $18 {[%cal Rc7b8,Re4d5]}
)) 13. a4 (13. Nf5 $6 Bxf5 14. Bxc6+ Bd7 15. Bxd7+ Qxd7 16. fxe5 Qd4+ 17. Kg2
Qxe5 18. Bf4 Qe6 19. Bxc7 Rxc7 $11 {Das ist der Grund des Zugs 12...Rc8.} 20.
Nxb5 $4 Qc6+ {[%cal Rc6g2,Rc6b5]}) 13... b4 {Wir haben eine sehr scharfe
Theoriestellung. Weiß hat Entwicklungsvorsprung und der schwarze König steht
in der Mitte. Wegen der beiderseitigen Felderschwächen ist die Stellung jedoch
unklar.} 14. Nb5 (14. Ncd5 O-O 15. Nc4 (15. Nxe7+ Qxe7 16. Nc4 Rfd8 17. b3 exf4
18. gxf4 Be8 19. e3 Nd5 20. Qc2 Bg6 21. f5 Bf7 {0-1 Seirawan,Y-Portisch,L/
America-Europe 1981 (46)}) 15... exf4 16. Nxc7 f3 (16... Qxc7 17. Bxf4 Ne5 $2 (
17... Qd8) 18. Bxe5 fxe5 19. Bd5+ Kh8 20. Rxf8+ Rxf8 21. Qd2 Bh3 22. Qe3 Bd6
23. Rc1 Qe7 24. Bg2 Bxg2 25. Kxg2 Bc7 26. Nd2 Bb6 27. Rc4 Qf6 28. b3 Qc6+ 29.
Qe4 Qf6 30. Nf3 Re8 31. a5 Bxa5 32. Rxc5 Bb6 33. Rxe5 {1-0 Granda Zuniga,
J-Estremera Panos,S/Leon 1997}) 17. Bxf3 Qxc7 18. Bf4 Qd8 19. Nd6 Bxd6 20. Bxd6
Ne7 21. d4 Bh3 22. dxc5 Bxf1 23. Qb3+ Kh8 24. Rxf1 a5 25. Qe6 Re8 26. Bh5 Ng6
27. Qh3 Kg8 28. Bg4 Rc7 29. Be6+ Kh8 30. Bf5 Kg8 31. Be6+ Kh8 32. Bf5 Kg8 33.
Be6+ {1/2-1/2 Fridman,D-Van der Sterren,P/Wichern op 1997}) 14... exf4 15. Rxf4
{[%csl Yb5,Yc4,Yd4,Yd5] Das Zurüchschlagen mit dem Turm ist ungewöhnlich.} (15.
Nf5 Bxf5 16. Bxc6+ Bd7 17. Bxd7+ Qxd7 18. Nxc7+ Rxc7 19. Bxf4 Rc6 20. Rc1 h5
21. d4 g5 22. d5 Rc8 23. Be3 h4 {Szilagyi,P-Pinter,J/HUN-chT 1992/0-1 (69)}) (
15. Nxc7+ Rxc7 16. gxf4 Be6 17. Nc4 Qd7 18. Kh1 O-O 19. b3 Nd4 20. Rb1 Re8 {
0-1 Hjartarson,J-Sokolov,A/Rotterdam WCup 1989 (46)}) (15. gxf4 a6 16. Nxc7+
Qxc7 17. Nc4 O-O 18. Bd5+ Kh8 19. e4 Bd6 20. Be3 Na5 21. Qh5 Be8 22. Qh4 Bf7
23. Bxf7 Rxf7 24. Nxa5 Qxa5 25. b3 Qd8 {Bellon Lopez,J-Izeta Txabarri,F/ESP-ch
1989/1-0 (92)}) 15... Ne6 {Dieser Springerzug gewinnt Zeit, aber tatsächlich
steht der Springer auf e6 nicht gut.} (15... O-O $2 16. Bxc6 Bxc6 17. Nxa7 $16
{[%cal Ra7c6,Ra7c8]}) (15... Nxb5 16. axb5 Nd4 17. Rxa7 Nxb5 $13 {[%csl Yd4,
Yd5]} (17... Bxb5 18. Nd5 $14 {[%csl Gd5,Re7,Re8]} (18. Re4 Nc6 (18... Rc7 $2
19. Rxc7 Qxc7 20. Nd5 $18) 19. Nf5 {[%csl Re7,Re8][%cal Ra7e7,Re4e7]} Nxa7 20.
Rxe7+ Qxe7 21. Nxe7 Kxe7))) 16. Nf5 $13 {[%csl Re8][%cal Rb5d6,Rf5d6]} (16. Nc4
O-O 17. Nbd6 Nxf4 18. Bxf4 Be6 19. Nxc8 Qxc8 20. Rc1 Qd7 21. Be3 Rd8 22. Qe1
Nd4 {0-1 Houshan,A-Van der Sterren,P/Luzern olm 1982 (35)}) 16... O-O (16...
Nxf4 17. Nfd6+ Kf8 18. Bxf4 (18. Nxc8 Nxg2 $1 (18... Nxe2+ 19. Qxe2 Qxc8 20.
Bf4 $44 (20. Bxc6 $2 Qxc6 21. Nxa7 Qa8 22. Nb5 Bxb5 {[%cal Ga8a1]})) 19. Nxe7
Nxe7 20. Kxg2 a6 21. Nd6 Bc6+ 22. Ne4 Bxe4+ $19 {[%cal Gd8d1]}) 18... Rb8 19.
Qb3 c4 (19... Be8 20. Nxe8 $16 {[%csl Rf8][%cal Rf4b8]}) (19... Bxd6 20. Bxd6+
$16 {[%csl Gd6,Rf8]}) 20. Qxc4 {[%csl Rf8][%cal Rc4f7]} Qb6+ 21. d4 Nd8 $13)
17. Re4 Kh8 (17... a6 $6 18. Nbd6 $14) (17... Ncd4 18. Nbxd4 cxd4 19. Qb3 $16 {
[%csl Gb3,Ge4,Re6,Rg8]}) 18. Be3 $14 {[%csl Re6] In dieser scharfen Stellung
hat Weiß die besseren Perspektiven. Der Springer e6 steht schlecht und Weiß
hat besseres Figurenspiel.} Ng5 {Schwarz opfert einen Bauern für Aktivität.} (
18... a6 $5 19. Nbd6 Bxd6 20. Nxd6 Rb8) 19. Nxe7 Nxe7 (19... Nxe4 $2 20. Nxc6
$18) 20. Bxg5 fxg5 21. Nxa7 Ra8 $44 22. Nb5 Nf5 {[%csl Rb5,Yd4,Gf5]} 23. Qc1 {
[%csl Rc5,Rg5][%cal Rc1c5,Rc1g5] Weiß besitzt bereits einen Mehrbauern und es
hängen gleichzeitig c5 und g5.} Qb6 24. Re5 (24. Qxg5 $4 Bxb5 $19 {[%cal Ga8a1]
}) 24... Rac8 (24... c4+ $2 25. Kh1 Qh6 26. Bxa8 Nxg3+ (26... Rxa8 27. Qxc4 Rc8
28. Qxc8+ Bxc8 29. Re8#) 27. Kg1 $16) 25. Kh1 (25. Qxg5 c4+ 26. Kh1 cxd3 27.
exd3 Rc2 {[%csl Gc2]} 28. g4 $13) 25... Qh6 $5 {[%csl Gf5,Rh1,Gh6]} (25... h6)
26. g4 Nh4 27. Qxg5 Qxg5 28. Rxg5 Rf2 {[%csl Gf2,Rh1,Gh4]} 29. Bf1 $14 {
Weiß hat schon zwei Mehrbauern, aber die schwarze Stellung ist sehr aktiv. Ich
bin jedoch nicht sicher, ob die Kompensation ausreicht.} h6 {Schwarz möchte
den Turm vertreiben und dann auf g4 nehmen.} 30. Rh5 g5 $8 31. Rxh6+ Kg7 {
Sehr interessant. Weiß hat Probleme mit der Verwertung des Vorteils von drei
Mehrbauern.} 32. Rd6 (32. Rh5 Kg6 33. h3) 32... Bxg4 {[%csl Re2,Gf2,Gg4,Rh1,
Gh4]} 33. Rd5 (33. Re1 Re8) 33... Bxe2 (33... Kh6) 34. Bxe2 Rxe2 {[%csl Ge2,
Rh1]} 35. Rxg5+ Kh6 36. Rg3 Rf8 $44 {[%csl Ge2,Gf8,Rh1,Gh4][%cal Rf8f2] Die
schwarze Aktivität kompensiert die beiden geopferten Bauern.} 37. Rag1 Rff2 {
[%cal Re2h2]} 38. Rh3 Kh5 $11 39. Nd6 (39. a5 Rf3 40. Rhg3 (40. Rxf3 Nxf3 $19 {
[%csl Ge2,Gf3,Rh1]} 41. Rg2 Re1+ $19) 40... Rff2 $11) 39... Rf3 {[%csl Rh3]}
40. Rhg3 Rff2 41. Rh3 (41. Rg5+ $2 Kh6 $19) 41... Rf3 42. Ne4 {Das ist eine
witzige Fortsetzung. Weiß kann gegen die Punkteteilung nichts mehr machen und
opfert jetzt den Turm, um selbst ewiges Schach zu geben.} Rxh3 43. Nf6+ Kh6 44.
Ng8+ {und Remis wegen Dauerschach.} (44. Ng8+ Kh7 45. Nf6+ Kh6 $11 (45... Kh8
$4 46. Rg8#)) 1/2-1/2

[Event "Corus"]
[Site "Wijk aan Zee"]
[Date "2000.01.16"]
[Round "2"]
[White "Lputian, Smbat G"]
[Black "Timman, Jan H"]
[Result "0-1"]
[WhiteElo "2605"]
[BlackElo "2655"]
[Annotator "Ribli,Z"]
[PlyCount "122"]
[EventDate "2000.01.15"]
[EventType "tourn"]
[EventRounds "13"]
[EventCountry "NED"]
[EventCategory "18"]
[SourceTitle "CBM 075"]
[Source "ChessBase"]
[SourceDate "2000.04.05"]
[SourceVersion "1"]
[SourceVersionDate "2000.04.05"]
[SourceQuality "1"]

1. Nf3 Nf6 2. c4 c5 3. Nc3 d5 {Prinzipiell ist es nicht logisch, dass Schwarz
die Stellung öffnet, solange der Gegner Entwicklungsvorteil hat. Dennoch ist
dieser Zug gut spielbar.} 4. cxd5 Nxd5 5. g3 Nc6 (5... g6) 6. Bg2 g6 7. Qa4 Bg7
(7... Nb6) 8. Ng5 {Nach meiner persönlichen Meinung ist die ganze Variante mit
7.Qa4 und 8.Ng5 nur scheinbar gefährlich für Schwarz und bietet Weiß letztlich
keinen Eröffnungsvorteil.} (8. Qc4 Ndb4 9. O-O Qa5 $13) 8... e6 9. Nge4 Nb6 10.
Qb5 O-O $5 $146 {Ein interessantes Bauernopfer. Schwarz kümmert sich um die
Verteidigung des c-Bauern, sondern beendet die Entwicklung.} (10... c4 11. b3 (
11. Na4 O-O 12. Nxb6 axb6 13. Qxc4 e5 14. d3 Be6 15. Bg5 Qb8 16. Qc1 Nd4 17.
Nc3 Rc8 18. Qb1 b5 19. Be3 b4 20. Bxd4 exd4 21. Ne4 Bh6 {1-0 Petrosian,
A-Peshina,G/USSR 1979/Inf 28 (54)}) 11... O-O 12. bxc4 Nd4 13. Qb1 Nxc4 14. O-O
(14. d3 Nd6 15. Nxd6 Qxd6 16. O-O {1/2-1/2 Petrosian,A-Jelen,I/Bled 1999/EXT
2000 (16)}) 14... f5 15. Nc5 Qb6 16. Nb3 Nb5 (16... Nc6 $1 17. Qd3 $1 N4e5 18.
Qb5 Rd8 19. Rb1 Qc7 20. Qa4 a6 21. Bb2 Ra7 $1 22. Rfc1 Qe7 23. Ba3 Qe8 24. Bc5
b5 25. Qh4 Rf7 {/\ Bf6} 26. Be3 Rd6 27. h3 $13 {1/2-1/2 Petrosian,A-Lau,R/
Lippstadt 1993/Inf 58/[Petrosian,A] (27)}) 17. Nxb5 Qxb5 18. d3 Nb6 19. Bb2
Bxb2 20. Qxb2 Bd7 21. Qa3 Na4 22. Rab1 Qa6 23. Nd4 Rab8 24. Rfc1 b5 25. Nc6
Bxc6 26. Rxc6 Rb6 27. Qd6 {1-0 Lputian,S-Krasenkow,M/Batumi 1999/CBM 74 (47)})
11. Nxc5 (11. Qxc5 $2 f5 (11... Nd4 $44) 12. Nd6 Nd4 13. O-O Nc2 14. Rb1 Bd4
$19) 11... Nd4 $44 {[%csl Gd4][%cal Rd4c2,Rc2e1,Rc2a1,Rd4b5] Schwarz hat einen
Bauern weniger, aber sein Springer auf d4 steht ausgezeichnet.} 12. Qd3 Qe7 {
[%cal Gf8d8,Gd8d3]} 13. Nb3 (13. b4 Rd8 $44) 13... e5 14. O-O (14. Nxd4 exd4
15. Nd5 Nxd5 16. Bxd5 Bh3 $44) 14... Be6 {[%cal Re6c4,Rc4f1]} (14... Bf5) 15.
Qb1 Rfc8 $15 {Schwarz übt fühlbar positionellen Druck aus. Er hat mehr als
genügend Kompensation für den Bauern.} 16. d3 (16. Nxd4 $2 exd4 17. Nb5 (17.
Ne4 f5 $19) 17... Bf5 18. d3 Qxe2 $19) {[#]} 16... Rxc3 $1 {[%mdl 512] Durch
dieses Opfer bekommt Schwarz Springer und zwei Bauern für den Turm,
anschließend dominieren seine Leichtfiguren das Geschehen.} 17. bxc3 Nxe2+ 18.
Kh1 Nxc3 19. Qc2 (19. Qb2 Rc8) 19... Rc8 20. Qd2 e4 {[%cal Gg7a1]} 21. d4 {
Natürlich muss Weiß die Diagonale h8-a1 geschlossen halten.} Nb5 {[%csl Rd4]}
22. Qg5 Qe8 (22... Qxg5 23. Bxg5 Bxb3 24. axb3 Bxd4 25. Ra5 $13) 23. Be3 f5 {
[%csl Rg2,Rg5]} 24. Qh4 Bd5 {[%csl Gd5] Schwarz hat nur einen Bauern für die
Qualität, aber der Bd5 steht ausgezeichnet, die weiße Dame steht passiv auf h4
und der Pd4 ist immer ein Schwachpunkt.} 25. g4 $5 $13 {Mit diesem Zug bekommt
Weiß Aktivität am Königsflügel.} (25. Rfc1) 25... Nd6 26. Qg3 (26. gxf5 Nxf5
27. Qg4 Rc3 $15) 26... Nbc4 27. Bf4 Qe7 {[%cal Gg6g5]} 28. Rac1 {[%cal Gc1c8]}
Rf8 29. Rfe1 (29. g5 $5 b6 $13 {[%cal Ga7a5]}) 29... g5 30. Bxd6 Nxd6 31. gxf5
Rxf5 (31... Nxf5 $2 32. Qc7 $16) 32. Rc2 (32. Rc5 b6) 32... Rf4 33. Rec1 h6 {
Schwarz baut sich ein Schlupfloch auf h7.} 34. Qc3 Nc4 35. Nd2 b5 36. Nxc4 Bxc4
(36... bxc4 37. Rb1 $14) 37. a4 a6 (37... Bd3 38. Qb3+ Kh7 39. Rc7 $36) 38.
axb5 axb5 39. Qe3 Qd6 40. Rd2 (40. Bxe4 $4 Rxe4 41. Qxe4 Bd5) 40... Bf6 {
[%cal Gf6d8,Gd8c7,Gc7h2]} 41. Ra1 Bd8 42. Ra7 Bc7 {[%cal Gc7h2]} 43. Qh3 {
[%cal Rh3c8,Rc8g8]} Rf7 $8 44. Rd1 Kg7 45. d5 {[%cal Rh3c3,Rc3g7]} Bd3 $2 (
45... b4 $5) (45... Bxd5 46. Qc3+ $40) 46. Qg3 $2 (46. Rc1 {[%cal Rc1c6,Rc6h6]}
Bc4 47. Qc3+ Kg8 48. Ra8+ Bd8 (48... Rf8 49. Rxf8+ Kxf8 50. Qh3 $16) 49. Qd4
$16) 46... Qb6 $15 {[%cal Rb6a7,Rc7g3]} 47. Qe3 b4 {Der schwarze b-Bauer ist -
mit der Unterstützung des Läuferpaares sehr gefährlich für Weiß.} 48. Qxb6 Bxb6
49. Rxf7+ Kxf7 $17 50. Bf1 {Weiß aktiviert den Läufer, aber es ist schon spät.}
Bc2 51. Rd2 b3 52. Bc4 e3 $1 {[%mdl 64]} (52... Ke7 53. Bxb3 $2 Bxb3 54. Rb2 e3
$1 55. Rxb3 e2 56. Rb1 Bxf2 $19) 53. d6+ (53. fxe3 Be4+ $19) 53... Kf6 54. fxe3
Be4+ $19 55. Rg2 (55. Kg1 Bxe3+ $19) 55... b2 56. Ba2 Bxe3 57. h4 g4 58. d7 Ke7
{Der d-Bauer stellt keine Gefahr für Schwarz dar.} 59. Kh2 Bf4+ 60. Kg1 Bxg2
61. Kxg2 h5 {Die Stellung ist leicht für Schwarz gewonnen - Weiß gab auf.} 0-1

[Event "Moscow Aeroflot op"]
[Site "Moscow"]
[Date "2002.02.05"]
[Round "2"]
[White "Kharlov, Andrei"]
[Black "Korotylev, Alexey"]
[Result "1-0"]
[WhiteElo "2638"]
[BlackElo "2564"]
[Annotator "Ribli,Z"]
[PlyCount "53"]
[EventDate "2002.02.04"]
[EventType "swiss"]
[EventRounds "9"]
[EventCountry "RUS"]
[SourceTitle "CBM 088"]
[Source "ChessBase"]
[SourceDate "2002.03.21"]
[SourceVersion "1"]
[SourceVersionDate "2002.03.21"]
[SourceQuality "1"]

1. c4 Nf6 2. Nc3 c5 3. Nf3 d5 4. cxd5 Nxd5 5. g3 Nc6 6. Bg2 Nc7 {Das ist die
sogenannte Rubinstein-Variante der Englischen Eröffnung. Schwarz möchte hier
mit 7...e5 ein starkes Bauernzentrum aufbauen. Das sofortige e5 scheitert an 7.
Nxe5.} 7. O-O e5 8. Ne1 {Weiß bereitet 9.Nd3 vor. Die Alternative ist 8.d3 mit
der Idee 9.Nd2.} Bd7 (8... Bg4 $5 {Das ist die beste Fortsetzung für Schwarz -
damit vereitelt er die Hauptidee des Zugs 8.Ne1.} 9. Nc2 (9. Nd3 Qxd3 $1) 9...
Be7 10. Ne3 Be6 11. d3 Qd7 12. f4 exf4 13. gxf4 f6 14. Bd2 O-O {0-1 McNab,
C-Pinter,J/Haifa 1989/EU-chT (43)}) (8... h5 9. h3 (9. Nd3) 9... f5 10. f4 h4
11. gxh4 exf4 12. e3 Ne6 13. Qa4 Bd7 14. Qb3 g5 15. Qxb7 Rb8 16. Qa6 Rb6 17.
Qc4 Ne5 18. Qd5 Bd6 {0-1 Hanley,C-Lupulescu,C/Oropesa del Mar 2001/EXT 2002 
(18)}) 9. Nd3 Bd6 $6 {Dieser Zug gefällt mir nicht - der Läufer steht
unglücklich auf d6.} (9... f6) 10. Ne4 (10. f4 exf4 11. Nxf4 O-O 12. b3 Qe7 13.
Bb2 Rad8 14. e3 b6 15. Qh5 Qe5 {0-1 Trygstad,K-Heim,S/Bergen 2001/CBM 83 ext 
(28)}) 10... Qe7 11. b3 $5 {Weiß fiancettiert auch seinen zweiten Läufer. Der
Bb2 wird zu einer starken Figur werden.} O-O 12. Bb2 {[%csl Gb2][%cal Gb2g7]}
Rae8 {Schwarz bereitet sich auf f2-f4 vor. Ich denke jedoch, dass er den Turm
besser auf c8 platzieren und damit den Damenflügel unterstützen sollte.} (12...
Rfe8 13. Rc1 Na6 14. f4 exf4 15. Nxd6 Qxd6 16. Nxf4 Rad8 17. e3 Bf5 18. Bxg7 $1
Kxg7 19. Nh5+ {1-0 Secker,M-Sideif Sade,F/Berlin 1992/EXT 98 (50)}) (12... Rac8
$142 $5 13. Rc1 b6) 13. Rc1 $5 {[%mdl 4] Die andere (gute) strategische Idee
für Weiß wäre 13.f4, ebenfalls mit besserer Stellung für Weiß.} (13. f4 exf4
14. Nxd6 Qxd6 15. Nxf4 b6 16. a3 a5 17. e3 f6 18. Rc1 Ne6 19. Nd5 Ne7 20. Nxe7+
Rxe7 21. d4 cxd4 22. exd4 Ng5 {1-0 Sambuev,B-Baikov,V/Moscow 2000/EXT 2001 (50)
}) 13... b6 {[#]} 14. b4 $1 {Ein starkes Bauernopfer. Nun bekommt Weiß
dauerhafte Initiative.} Nxb4 (14... cxb4 $2 15. Nxd6 Qxd6 16. Bxc6 (16. Qc2 Nd5
17. Qc4 $13) 16... Bxc6 17. Qc2 {[%cal Rc1c7]} Re6 18. Nxe5 $18) 15. Nxb4 cxb4
16. d4 $1 $44 {Weiß hat starke Initiative und mehr als nur Kompensation für
den Bauern.} Bb5 (16... exd4 $2 17. Qxd4 Be5 18. Qxe5 Qxe5 19. Bxe5 Rxe5 20.
Rxc7 $18) (16... Nb5 17. Nxd6 $1 (17. dxe5 Bb8 (17... Bc5 18. e3 $14 (18. Nxc5
bxc5 $13)) 18. f4 $36) 17... Qxd6 18. dxe5 $14 Qxd1 $6 19. Rfxd1 Be6 20. Bc6 a6
21. Bxe8 Rxe8 22. Rc6 $16) 17. Qc2 {Droht 18.Nxd6 und 19.Qxc7.} Ne6 (17... Rc8
$2 18. Nxd6 Qxd6 19. dxe5 $16 {[%cal Rg2b7]}) (17... Nd5 18. Qb3 Nc7 19. Nxd6
Qxd6 20. dxe5 $16) 18. Nxd6 Qxd6 19. dxe5 {Weiß hat das Läuferpaar und einen
starken Zentrumsbauern auf e5. Materiell ist die Stellung ausgeglichen.} Qb8
20. f4 {[%csl Ge5,Gf4] Es droht 21.f5 mit gefährlicher Initiative am
Königsflügel.} Rc8 $6 {Dieser allzu automatische Zug kommt Weiß entgegen -
denn die Dame steht auf d2 besser als auf c2.} (20... Nc5 $5 21. Qd2 (21. f5
Rxe5 22. Bxe5 Qxe5 {[%csl Gc5,Ge5]}) 21... a5 22. Qe3 $14 {[%cal Gf4f5]}) 21.
Qd2 Rxc1 (21... a5 22. f5 $16) 22. Rxc1 Rc8 23. f5 $16 {[%mdl 128]} (23. Rxc8+
Qxc8 24. Qxb4 (24. f5 Nc5 25. f6 Qd7 $14) 24... Bxe2 $14) 23... Rxc1+ 24. Qxc1
Nc5 25. Qd2 {[%csl Gd2][%cal Gd2d8] Die Dame kontrolliert die d-Linie. Jetzt
hängt evtl. der Pb4, und Schwarz muss immer mit e6 oder f6 rechnen.} Bc4 $6 (
25... a5 $16) 26. e6 $1 $18 {Die weißen Drohungen sind vielseitig.} Qf8 (26...
fxe6 27. Qd4 $18 {[%cal Rd4c4,Rb2g7]}) 27. Qd4 (27. Qd4 Bxa2 28. e7 $18) 1-0